Význam správy a riadenia podnikov a ich spoločenskej zodpovednosti

Vymedzenie správy podniku. Spoločenská zodpovednosť podniku. Ekonomický, sociálny a environmentálny princíp spoločenskej zodpovednosti. Normatívne úpravy spoločenskej zodpovednosti podniku.

Gespeichert in:
Bibliographische Detailangaben
1. Verfasser: Záležáková, Eliška
Format: Buchkapitel
Sprache:Slowakisch
Schlagworte:
Tags: Tag hinzufügen
Keine Tags, Fügen Sie das erste Tag hinzu!

MARC

LEADER 00000naa$a2200000$$$4500
001 0155242
005 20240502072730.0
041 0 |a slo 
044 |a SK 
245 1 0 |a Význam správy a riadenia podnikov a ich spoločenskej zodpovednosti  |c Eliška Záležáková 
520 |a Vymedzenie správy podniku. Spoločenská zodpovednosť podniku. Ekonomický, sociálny a environmentálny princíp spoločenskej zodpovednosti. Normatívne úpravy spoločenskej zodpovednosti podniku. 
610 2 0 |a zodpovednosť podniku spoločenská 
610 2 0 |a riadenie podnikové 
610 2 0 |a manažment 
610 2 0 |a ochrana prostredia životného 
610 2 0 |a bezpečnosť práce 
610 2 0 |a ochrana zdravia 
610 2 0 |a zamestnanci 
610 2 0 |a zamestnávatelia 
610 2 0 |a transparentnosť 
610 2 0 |a normy 
610 2 0 |a normy ISO 
100 1 |a Záležáková, Eliška